000 00328nam a22001451a 4500
999 _c167343
_d167343
020 _a9788188895045
082 _aH2
_bSHA/K
100 _aShanker Shesh
245 _aKomal gandhar/
_cby Shanker Shesh.
260 _a
_b
_c1998.
650 _aDrama Hindi
650 _aLiterature Hindi
650 _aLiterature
942 _cBK